| 000 | 00586nam a2200205 4500 | ||
|---|---|---|---|
| 001 | 86508 | ||
| 003 | BD-RjUL | ||
| 005 | 20260518143711.0 | ||
| 008 | 260518s1982 pk ||||| |||| 00| 0 urd d | ||
| 035 | _a(BD-RjUL)86508 | ||
| 040 |
_aBD-RjUL _beng _cBD-RjUL |
||
| 041 | _aurs | ||
| 082 |
_223 _a297.161 _bSUT 1982 |
||
| 245 | 1 | 4 |
_aالاتقان فی علوم القرآن ;;al-Itaqan fi Ulum alquran / _c جلال الدین سیوطی ;; Jalaluddin Suuti |
| 260 |
_aLahor : _bAdara i Islamiah , _c1982 |
||
| 300 | _aV. ; | ||
| 505 | _aVol. 1 | ||
| 650 | _aIslam | ||
| 942 |
_2ddc _cBK |
||
| 999 |
_c86508 _d86508 |
||